00471nam a22001577a 450000500170000001000150001702000260003203500140005803700130007208200080008510000200009324500650011326000400017827000750021830000200029320220304162101.0 aENG-131844 a9788184655490c100.00 aEN-115376 bDBAD/PUB a100 aPADMANABAN, A.M aFinger print is a replica religion and God/cA.M. Padmanaban aCHENNAIbFinger print, expertc2000 adeputy supdt of police tamil nadu finger print bureaubCHENNAIe600004 a86p.c21cm(pbk)